Entertaining and educating your preschool child
Αποθηκεύτηκε σε:
| Κύριος συγγραφέας: | |
|---|---|
| Άλλοι συγγραφείς: | |
| Μορφή: | Βιβλίο |
| Γλώσσα: | English |
| Δημοσίευση: |
London :
Usborne,
1987
|
| Σειρά: | Usborne hobby guides
|
| Θέματα: | |
| Ετικέτες: |
Προσθήκη ετικέτας
Δεν υπάρχουν, Καταχωρήστε ετικέτα πρώτοι!
|
MARC
| LEADER | 00000nam a2200000 i 4500 | ||
|---|---|---|---|
| 001 | 1/77313 | ||
| 008 | 971210s1987 eng d | ||
| 020 | |a 0-74600-133-9 | ||
| 035 | |a 1994 |b 3 |c Ανθουλιάς |l 10032629 | ||
| 040 | |a GR-MY-UA |b gre |e aacr | ||
| 041 | 0 | |a eng | |
| 082 | 0 | |a 649.5 | |
| 100 | 1 | |a Gee, Robyn. | |
| 245 | 1 | 0 | |a Entertaining and educating your preschool child / |c Robyn Gee, Susan Meredith ; designed by Kim Blundell |
| 260 | |a London : |b Usborne, |c 1987 | ||
| 300 | |a 96 p. | ||
| 490 | 1 | |a Usborne hobby guides | |
| 650 | 0 | 0 | |a Amusements. |
| 650 | 0 | 0 | |a Play. |
| 700 | 1 | |a Meredith, Susan. | |
| 830 | 0 | |a Usborne hobby guides | |
| 852 | |a INST |b RHODES |e 19971210 |h 649.5 GEE |p 005400005122 |q 005400005122 |t BK |y 0 | ||
| 901 | |a BIBL-1997-2 | ||
| 909 | |a Ρ |b 038061 | ||